000 00528cam a2200145 4500500
005 20250921003725.0
041 _afre
042 _adc
100 1 0 _aPlusquellec, Florent
_eauthor
245 0 0 _aJohann Chapoutot, Christian Ingrao and Nicolas Patin, Le monde nazi. 1919-1945. Tallandier, 2024, 640 pages, €27.50.
260 _c2025.
500 _a33
786 0 _nÉtudes | Mai | 5 | 2025-04-24 | p. 132-132 | 0014-1941
856 4 1 _uhttps://shs.cairn.info/journal-etudes-2025-5-page-132?lang=en&redirect-ssocas=7080
999 _c1506801
_d1506801